Score 0/15 Timer 05:00
0 Plays Today
Start of Lyric Answer % Correct
I will kill your friends and familyTo remind you of my love.
91.3%
You want a revolutionI want a revelation
81.4%
You built me palacesout of paragraphs
81.1%
As a kid in the Carribean I wished for a war.
79.2%
I gotta holler just to be heardWith every word I drop knowledge
73.7%
You walked in and My heart went boom
71.7%
I have the honour to be your obedient servantA dot Burr
69.7%
You have my eyesYou have your mother's name
66.5%
Start of Lyric Answer % Correct
Chaos and bloodshedAre not a solution
61.5%
Two years later Alex andhis mother bed ridden.
61%
Set my heart my heart aflameEv'ry part aflame
54.8%
Oui Oui Mon amiJe'mappelle Lafayette
49.9%
We just assume that it happenedBut no one else was in the room where it happened
45.7%
I put myself back in the narrativeEliza
38.2%
Raise a glass to the four of usTomorrow they'll be more of us
23.8%
Remove Ads.
Support Sporcle.
Get the best of Sporcle when you Go Orange. This ad-free experience offers more features, more stats, and more fun while also helping to support Sporcle. Thank you for becoming a member.

You're not logged in!

Compare scores with friends on all Sporcle quizzes.
OR
Log In

Show Comments

Extras

Created Sep 4, 2017ReportNominate
Tags:hamilton, start

Top Quizzes Today


Score Distribution

Your Account Isn't Verified!

In order to create a playlist on Sporcle, you need to verify the email address you used during registration. Go to your Sporcle Settings to finish the process.

Report this User

Report this user for behavior that violates our Community Guidelines.

Details: